| 000 | 00522nam a2200181Ia 4500 | ||
|---|---|---|---|
| 020 | _a(hb) | ||
| 082 |
_a954.0294 _bMAL _cD |
||
| 100 |
_aMalleson, G. B. _949777 |
||
| 245 |
_aThe Decisive battles of India _bfrom 1746 to 1849 inclusive |
||
| 250 | _a4th ed. | ||
| 260 |
_aLondon: _bReeves and Turner _c1914 |
||
| 300 | _a452p. | ||
| 526 |
_a0 _b0 _c0 _d954_029400000000000_MAL |
||
| 650 |
_aBattles -- India -- History _949778 |
||
| 650 |
_aIndia -- History -- 1746-1849 _949779 |
||
| 650 |
_aMCE _9379 |
||
| 942 |
_2ddc _cBK |
||
| 999 |
_c552543 _d552543 |
||